[Event "ICS rated blitz match"]
[Site "204.178.125.65"]
[Date "1999.11.27"]
[Round "?"]
[White "HelterSkelter"]
[Black "Hossa"]
[Result "1-0"]
[WhiteElo "2600"]
[BlackElo "2307"]
[PlyCount "129"]
[EventDate "1999.??.??"]

1. e4 c5 2. Nf3 d6 3. d4 cxd4 4. Nxd4 Nf6 5. Nc3 a6 6. Bg5 e6 7. f4 b5 8. e5
dxe5 9. fxe5 Qc7 10. Qe2 Nfd7 11. O-O-O b4 12. Na4 Nc6 13. Nxc6 Qxc6 14. b3 Bb7
15. Kb1 Rc8 16. Rd2 Qc7 17. Bf4 Be7 18. Qc4 Bc6 19. Qxa6 O-O 20. Qe2 Rfd8 21.
Qh5 Be4 22. Bc4 Qa5 23. Bd3 Bxd3 24. Rxd3 Nf8 25. Rxd8 Rxd8 26. Rf1 Nd7 27. Qf3
Rc8 28. g4 f6 29. exf6 Nxf6 30. Qe2 Rc6 31. g5 Nd5 32. Be5 Qa8 33. Qh5 g6 34.
Qf3 Qe8 35. h4 Rc8 36. Rf2 Bf8 37. Nb6 Rd8 38. Nxd5 Rxd5 39. Qf6 Rxe5 40. Qxe5
Bg7 41. Qc5 Qd8 42. Rf1 Bf8 43. Qc4 Qe8 44. Rf6 Kg7 45. c3 e5 46. cxb4 Qd7 47.
Kc2 Qb7 48. a3 Qg2+ 49. Kc3 Qg3+ 50. Kb2 Qg2+ 51. Qc2 Qxc2+ 52. Kxc2 Kg8 53.
Rc6 Kf7 54. b5 Bxa3 55. b6 Ke7 56. b7 Kd7 57. Rb6 Bd6 58. Rxd6+ Kc7 59. Rd7+
Kb8 60. Kd3 Ka7 61. Kc4 e4 62. Kd5 e3 63. Kc6 h5 64. Rd8 Ka6 65. Ra8# {
Hossa checkmated} 1-0

[Event "ICS rated blitz match"]
[Site "204.178.125.65"]
[Date "1999.11.27"]
[Round "?"]
[White "Hossa"]
[Black "mkarp"]
[Result "1-0"]
[WhiteElo "2323"]
[BlackElo "2168"]
[PlyCount "45"]
[EventDate "1999.??.??"]

1. e4 d6 2. d4 g6 3. Nf3 Bg7 4. Bb5+ c6 5. Bd3 a6 6. Nbd2 e5 7. dxe5 dxe5 8.
Nc4 Qc7 9. Be2 Be6 10. Qd6 Qd7 11. Nfxe5 Qxd6 12. Nxd6+ Ke7 13. Nec4 b5 14. Nb6
Kxd6 15. Nxa8 Nd7 16. Bf4+ Be5 17. O-O-O+ Ke7 18. Rxd7+ Bxd7 19. Bxe5 f6 20.
Bd4 Nh6 21. Bc5+ Kf7 22. Rd1 Be6 23. Nc7 {mkarp resigns} 1-0

[Event "ICS Rated standard match"]
[Site "204.178.125.65"]
[Date "1999.11.27"]
[Round "?"]
[White "Hossa"]
[Black "RedBear"]
[Result "0-1"]
[WhiteElo "2243"]
[BlackElo "2415"]
[PlyCount "166"]
[EventDate "1999.??.??"]

1. e4 e6 2. d4 d5 3. Nc3 Bb4 4. e5 c5 5. Bd2 Ne7 6. a3 Bxc3 7. bxc3 Nbc6 8. Nf3
Qc7 9. Be2 c4 10. O-O O-O 11. Re1 Bd7 12. Bg5 h6 13. Bc1 f6 14. exf6 Rxf6 15.
Nh4 Raf8 16. Bg4 Qa5 17. Bd2 Bc8 18. Re2 a6 19. Qe1 Qc7 20. Nf3 Qd7 21. a4 Qe8
22. Bxe6+ Bxe6 23. Rxe6 Qg6 24. Rxf6 Rxf6 25. Qd1 Nf5 26. Rb1 Rf7 27. Rb6 Qh5
28. Qb1 Nh4 29. Nxh4 Qxh4 30. Be3 Qg4 31. Qe1 Qh4 32. Qd1 Qd8 33. Qb1 Qe7 34.
Qa2 Qd8 35. Rb1 Qe7 36. Re1 Kh7 37. Qa1 Qe4 38. Qb2 Qh4 39. Qb6 Qe4 40. Re2 Qg4
41. Kf1 Qh5 42. h3 Re7 43. Re1 Qg6 44. Qb2 Na5 45. Qb4 Nc6 46. Qb1 Na7 47. Kg1
b5 48. Qb4 Rd7 49. Re2 bxa4 50. Qxa4 Re7 51. Qa3 Re6 52. Qa5 Nb5 53. Qa1 Qe4
54. Kh2 Rg6 55. f3 Qe7 56. Kg1 Re6 57. Kf2 Qf6 58. Kf1 Qf7 59. Re1 Qg6 60. Qb2
Rf6 61. Bd2 Qg3 62. Qb4 Qh2 63. Be3 Nd6 64. Bg1 Qh1 65. Qc5 Rg6 66. Ke2 Re6+
67. Kf2 Rxe1 68. Kxe1 Qxg1+ 69. Kd2 Nb5 70. Qc8 Qxg2+ 71. Kc1 Qf1+ 72. Kb2 Qxf3
73. Kc1 a5 74. Qe6 Nxc3 75. Qe1 Nb5 76. Qe7 Qf1+ 77. Kb2 c3+ 78. Ka2 Qc1 79.
Kb3 Qb1+ 80. Ka4 Nxd4 81. Qf8 Qa2+ 82. Qa3 Qc4+ 83. Kxa5 83... Qb5# {
Hossa checkmated} 0-1

[Event "ICS rated blitz match"]
[Site "204.178.125.65"]
[Date "1999.11.27"]
[Round "?"]
[White "DNAgene"]
[Black "Hossa"]
[Result "0-1"]
[WhiteElo "2241"]
[BlackElo "2332"]
[PlyCount "78"]
[EventDate "1999.??.??"]

1. d4 Nf6 2. Nf3 g6 3. Bf4 Bg7 4. e3 Nh5 5. Bg5 h6 6. Bh4 Nc6 7. Be2 g5 8. Bg3
d6 9. c4 Nxg3 10. hxg3 e5 11. Nc3 g4 12. Nd2 exd4 13. exd4 Bxd4 14. Bxg4 Qe7+
15. Kf1 Be6 16. Bxe6 fxe6 17. Nf3 Bc5 18. a3 O-O-O 19. b4 Bb6 20. Qe2 Bd4 21.
Nxd4 Nxd4 22. Qd3 e5 23. Ne2 Nxe2 24. Qxe2 Qg7 25. Rd1 Kb8 26. Rh4 Rhf8 27. Kg1
Rf7 28. Qg4 Qf8 29. Rf1 Rf6 30. Qe4 Qf7 31. a4 Rg8 32. Rg4 Rf8 33. Qc2 Rf5 34.
Re4 Rg5 35. Qd3 Qf5 36. Re3 Qd7 37. b5 Qg4 38. Rf3 Rfg8 39. a5 39... e4 {
DNAgene resigns} 0-1

[Event "ICS rated blitz match"]
[Site "204.178.125.65"]
[Date "1999.11.27"]
[Round "?"]
[White "Hossa"]
[Black "RedBear"]
[Result "0-1"]
[WhiteElo "2344"]
[BlackElo "2531"]
[PlyCount "146"]
[EventDate "1999.??.??"]

1. e4 e6 2. d4 d5 3. Bd3 dxe4 4. Bxe4 Nf6 5. Bg5 h6 6. Bxf6 Qxf6 7. Ne2 Bd6 8.
Nd2 Nc6 9. Bxc6+ bxc6 10. O-O Rb8 11. Rb1 Ba6 12. c4 Qh4 13. Nf3 Qg4 14. Qa4
Rb6 15. Nc3 Bf4 16. Rfe1 O-O 17. h3 Qf5 18. c5 Bb5 19. Qxa7 Ra6 20. Qb7 Rfa8
21. Nxb5 cxb5 22. a3 c6 23. Ne5 Bxe5 24. dxe5 Qc2 25. Qe7 R8a7 26. Qd8+ Kh7 27.
Qd6 Rb7 28. Red1 Qe4 29. Rbc1 Rba7 30. Rc3 b4 31. Re3 Qc2 32. axb4 Ra2 33. Red3
Qxb2 34. Qd4 Qe2 35. R3d2 Rxd2 36. Rxd2 Qe1+ 37. Kh2 Ra1 38. h4 Rb1 39. Qf4
Qh1+ 40. Kg3 Rb3+ 41. f3 Qe1+ 42. Kh2 Rb1 43. Kh3 h5 44. Rd4 Qh1+ 45. Qh2 Qf1
46. Rd7 Rxb4 47. Rxf7 Qc1 48. Rf8 Qxc5 49. Rc8 Qc1 50. Rc7 Qb1 51. Rf7 Kg8 52.
Rf4 c5 53. Rxb4 cxb4 54. Qf4 Qf5+ 55. Qxf5 exf5 56. Kg3 b3 57. Kf4 b2 58. Kg5
b1=Q 59. Kxh5 Qe1 60. Kg6 Qxe5 61. Kg5 Kf7 62. g3 Qxg3+ 63. Kxf5 Qxf3+ 64. Ke5
Qf6+ 65. Ke4 Ke6 66. h5 Qe5+ 67. Kd3 Kd5 68. h6 gxh6 69. Kc2 Qe2+ 70. Kc3 Kc5
71. Kb3 Qd2 72. Ka3 Kc4 73. Ka4 73... Qa2# {Hossa checkmated} 0-1

[Event "ICS rated blitz match"]
[Site "204.178.125.65"]
[Date "1999.11.27"]
[Round "?"]
[White "toothfairy"]
[Black "Hossa"]
[Result "0-1"]
[WhiteElo "2155"]
[BlackElo "2345"]
[PlyCount "40"]
[EventDate "1999.??.??"]

1. e4 c5 2. c4 g6 3. Ne2 e5 4. Ng3 Nc6 5. Be2 Nd4 6. Bg4 Nf6 7. Bh3 Bh6 8. Nc3
d6 9. Bxc8 Qxc8 10. a3 O-O 11. b4 cxb4 12. axb4 Qxc4 13. Qa4 Qxb4 14. Qxb4 Nc2+
15. Ke2 Nxb4 16. Rb1 a5 17. Ba3 Nc2 18. Bxd6 Rfd8 19. Rb6 Ra6 20. Rhb1 20...
Rxd6 {toothfairy resigns} 0-1

[Event "ICS rated blitz match"]
[Site "204.178.125.65"]
[Date "1999.11.27"]
[Round "?"]
[White "Hossa"]
[Black "toothfairy"]
[Result "1-0"]
[WhiteElo "2353"]
[BlackElo "2147"]
[PlyCount "61"]
[EventDate "1999.??.??"]

1. e4 e5 2. Nf3 d6 3. d4 Nd7 4. Bc4 c6 5. O-O Qc7 6. Nc3 Be7 7. Ng5 Nh6 8. Be3
O-O 9. Rb1 Kh8 10. Qh5 Nf6 11. Qf3 b5 12. Bb3 a6 13. Qg3 Bd7 14. dxe5 dxe5 15.
Rbd1 Rad8 16. f4 exf4 17. Bxf4 Qb6+ 18. Be3 Bc5 19. Bxc5 Qxc5+ 20. Kh1 Qe7 21.
Qd6 Qxd6 22. Rxd6 Ne8 23. Rd2 f6 24. Ne6 Bxe6 25. Rxd8 Bxb3 26. axb3 Nf7 27.
Ra8 Ne5 28. Rd1 Kg8 29. Rdd8 Kf7 30. Ra7+ Kg6 31. Re7 {toothfairy resigns} 1-0

[Event "ICS rated blitz match"]
[Site "204.178.125.65"]
[Date "1999.11.27"]
[Round "?"]
[White "Hossa"]
[Black "toothfairy"]
[Result "1-0"]
[WhiteElo "2367"]
[BlackElo "2133"]
[PlyCount "35"]
[EventDate "1999.??.??"]

1. e4 e5 2. Nf3 d6 3. d4 Nd7 4. Bc4 c6 5. O-O Qc7 6. Nc3 Be7 7. Ng5 Nh6 8. Be3
O-O 9. Rb1 b5 10. Bb3 a5 11. d5 Nc5 12. dxc6 Nxb3 13. Nd5 Qd8 14. axb3 Bxg5 15.
c7 Qe8 16. Bxg5 Be6 17. Bxh6 Bxd5 18. Qg4 {toothfairy resigns} 1-0

[Event "ICS Rated blitz match"]
[Site "204.178.125.65"]
[Date "1999.11.27"]
[Round "?"]
[White "toothfairy"]
[Black "Hossa"]
[Result "0-1"]
[WhiteElo "2126"]
[BlackElo "2374"]
[PlyCount "72"]
[EventDate "1999.??.??"]

1. e4 c5 2. c4 g6 3. Nf3 Bg7 4. d4 cxd4 5. Nxd4 Nf6 6. Nc3 O-O 7. Be2 Nc6 8.
Be3 d6 9. O-O Nxd4 10. Bxd4 b6 11. Qd2 Ba6 12. f3 Rc8 13. b3 Kh8 14. Rac1 Rg8
15. Rfd1 Rf8 16. Be3 Ng8 17. Nd5 f5 18. exf5 Rxf5 19. Bd3 Rf8 20. Bg5 Qd7 21.
Re1 Bd4+ 22. Kh1 e5 23. Be4 Bb7 24. f4 b5 25. fxe5 dxe5 26. Rf1 bxc4 27. bxc4
Qa4 28. Qe2 Ba6 29. Bd3 Kg7 30. Ne7 Rxf1+ 31. Qxf1 Rf8 32. Qe2 Rf2 33. Qe4 Nxe7
34. Bxe7 Qd7 35. Bh4 Bb7 36. Qe1 36... Bxg2+ {toothfairy resigns} 0-1

[Event "ICS rated blitz match"]
[Site "204.178.125.65"]
[Date "1999.11.27"]
[Round "?"]
[White "Hossa"]
[Black "toothfairy"]
[Result "1-0"]
[WhiteElo "2380"]
[BlackElo "2120"]
[PlyCount "42"]
[EventDate "1999.??.??"]

1. e4 e5 2. Nf3 d6 3. d4 Nd7 4. Bc4 c6 5. O-O Qc7 6. Nc3 Be7 7. Ng5 Nh6 8. Be3
O-O 9. Rb1 b5 10. Bb3 a6 11. Qh5 Nf6 12. Qf3 Rb8 13. Qg3 Kh8 14. dxe5 dxe5 15.
Rbd1 c5 16. Nd5 Nxd5 17. Bxd5 Bxg5 18. Bxg5 Ng8 19. f4 f6 20. fxe5 fxg5 21.
Rxf8 21... Be6 {toothfairy resigns} 1-0

[Event "ICS Rated standard match"]
[Site "204.178.125.65"]
[Date "1999.11.27"]
[Round "?"]
[White "netpi"]
[Black "Hossa"]
[Result "1-0"]
[WhiteElo "2432"]
[BlackElo "2234"]
[PlyCount "129"]
[EventDate "1999.??.??"]

1. e4 c5 2. Nf3 d6 3. d4 cxd4 4. Nxd4 Nf6 5. Nc3 a6 6. Bc4 e6 7. Bg5 Be7 8. O-O
O-O 9. Re1 Nxe4 10. Bxe7 Nxc3 11. Bxd8 Nxd1 12. Be7 Nxb2 13. Bb3 Re8 14. Bxd6
Bd7 15. Rab1 Na4 16. c4 Rd8 17. Rec1 Nc6 18. Nf3 b5 19. Bxa4 bxa4 20. Rd1 Be8
21. Ng5 Na7 22. f4 a5 23. Ne4 h5 24. a3 Bc6 25. Nc3 Nc8 26. Bc5 Rxd1+ 27. Rxd1
f6 28. Rd8+ Kh7 29. Kf2 e5 30. Nd5 Rb8 31. Kg3 Bxd5 32. cxd5 Kg6 33. fxe5 fxe5
34. Kf3 Kg5 35. Be3+ Kg6 36. d6 Rb6 37. Bxb6 Nxb6 38. Rb8 Nd7 39. Rb7 Nc5 40.
Rc7 Ne6 41. d7 Kf5 42. Rc8 h4 43. Rf8+ Kg6 44. Re8 Ng5+ 45. Kf2 Nf7 46. Rf8 e4
47. Rxf7 Kxf7 48. d8=Q Ke6 49. Qxa5 h3 50. Qxa4 Ke5 51. gxh3 Kf4 52. Qd4 Kf5
53. Ke3 Kg6 54. Qxe4+ Kf7 55. a4 g5 56. Qf5+ Ke7 57. Qxg5+ Kd7 58. Qb5+ Ke6 59.
a5 Kd6 60. a6 Ke6 61. a7 Kf6 62. a8=Q Kg7 63. Qe5+ Kh6 64. Qah8+ Kg6 65. Qhg7#
{Hossa checkmated} 1-0

[Event "ICS rated blitz match"]
[Site "204.178.125.65"]
[Date "1999.11.27"]
[Round "?"]
[White "Amateur"]
[Black "Hossa"]
[Result "0-1"]
[WhiteElo "2470"]
[BlackElo "2386"]
[PlyCount "120"]
[EventDate "1999.??.??"]

1. e4 c5 2. Nf3 d6 3. d4 Nf6 4. Nc3 cxd4 5. Nxd4 Nc6 6. Nxc6 bxc6 7. Bc4 e5 8.
Be3 Be7 9. O-O O-O 10. h3 Be6 11. Bxe6 fxe6 12. Qd3 d5 13. exd5 cxd5 14. Bg5
Nd7 15. Bd2 Rb8 16. b3 Bc5 17. Na4 Qc7 18. Nxc5 Nxc5 19. Qc3 Rf7 20. Rac1 Rc8
21. f3 Qb8 22. Qa5 Qa8 23. b4 Nd7 24. c3 Nb6 25. Qa6 Nc4 26. Bg5 Rc6 27. Qa4
Qc8 28. Qb3 h6 29. b5 Rc5 30. Rf2 hxg5 31. Qb4 Rf4 32. g3 Rf6 33. Rcc2 Rh6 34.
Rh2 Qc7 35. Rcf2 Ne3 36. Rb2 Rxc3 37. b6 Rc1+ 38. Kf2 Nd1+ 39. Kg2 axb6 40. Re2
Ne3+ 41. Kf2 Qc4 42. Qxc4 Nxc4 43. h4 gxh4 44. gxh4 d4 45. Re1 Rc2+ 46. Kg3
Rxh2 47. Kxh2 d3 48. Rd1 d2 49. Kg1 Rf6 50. Kf2 e4 51. Ke2 exf3+ 52. Kf2 e5 53.
h5 e4 54. h6 e3+ 55. Kg3 e2 56. h7+ Kh8 57. Rxd2 e1=Q+ 58. Kh3 Qxd2 59. a4 Qg2+
60. Kh4 60... Rh6# {Amateur checkmated} 0-1

[Event "ICS rated blitz match"]
[Site "204.178.125.65"]
[Date "1999.11.27"]
[Round "?"]
[White "Irishspringer"]
[Black "Hossa"]
[Result "0-1"]
[WhiteElo "2087"]
[BlackElo "2392"]
[PlyCount "38"]
[EventDate "1999.??.??"]

1. d4 Nf6 2. c4 e6 3. Nf3 b6 4. Nc3 Bb7 5. a3 Be7 6. d5 exd5 7. cxd5 O-O 8. g3
d6 9. Bg2 c6 10. dxc6 Nxc6 11. O-O d5 12. Bg5 Rc8 13. Bh3 Ra8 14. Qd2 Ne4 15.
Nxe4 dxe4 16. Qxd8 Bxd8 17. Bxd8 exf3 18. Bc7 fxe2 19. Rfe1 19... Nd4 {
Irishspringer resigns} 0-1

[Event "ICS rated blitz match"]
[Site "204.178.125.65"]
[Date "1999.11.27"]
[Round "?"]
[White "Hossa"]
[Black "Zippy"]
[Result "0-1"]
[WhiteElo "2397"]
[BlackElo "2328"]
[PlyCount "162"]
[EventDate "1999.??.??"]

1. e4 e6 2. d4 d5 3. exd5 Qxd5 4. Nf3 Nc6 5. c4 Qf5 6. Qe2 Nb4 7. Na3 Nf6 8.
Nb5 Bd6 9. Na3 O-O 10. Bd2 b6 11. Qe3 Bb7 12. Be2 Rad8 13. Qb3 Bxf3 14. gxf3 a5
15. Be3 c5 16. Rd1 cxd4 17. Bxd4 Bc7 18. Qe3 Bf4 19. Qb3 Rd6 20. h3 Rfd8 21.
Bxb6 Rxd1+ 22. Bxd1 Rd3 23. Qa4 Rd2 24. Kf1 Qd3+ 25. Kg2 Be3 26. Bxe3 Qxe3 27.
Rf1 Qg5+ 28. Kh2 Rxb2 29. Qb5 Qf4+ 30. Kg1 Qc7 31. Nc2 Nd3 32. Qa4 Qc5 33. h4
h6 34. Qa3 Qxa3 35. Nxa3 Rxa2 36. Nb5 g6 37. Kg2 Nf4+ 38. Kg3 N6h5+ 39. Kh2 Nd3
40. Kg2 f5 41. Nd4 e5 42. Nc6 a4 43. Ne7+ Kg7 44. Nd5 a3 45. Ba4 Rd2 46. Ra1
Nhf4+ 47. Nxf4 Nxf4+ 48. Kg1 Rd3 49. Bc6 Kf6 50. Kh2 Ke6 51. c5 Rc3 52. Ba8 Nd5
53. Kg2 Nb4 54. c6 a2 55. Bb7 Rc2 56. Kg1 Ke7 57. Ba8 Rb2 58. c7 Kd7 59. Rc1
Nc2 60. Kg2 Kxc7 61. Bd5 a1=Q 62. Rxa1 Nxa1 63. Bf7 Rb6 64. Kg3 g5 65. hxg5
hxg5 66. Bc4 Nc2 67. Ba2 Kd6 68. Bc4 Rc6 69. Bb5 Rc3 70. Ba6 e4 71. Kh2 Rxf3
72. Kg1 Ke5 73. Be2 Rc3 74. Bd1 g4 75. Kf1 Nd4 76. Kg2 Rc1 77. Bxg4 fxg4 78.
Kg3 Rg1+ 79. Kh4 Kf5 80. f3 Nxf3+ 81. Kh5 81... Rh1# {Hossa checkmated} 0-1

[Event "ICS rated blitz match"]
[Site "204.178.125.65"]
[Date "1999.11.27"]
[Round "?"]
[White "Hossa"]
[Black "herbas64"]
[Result "1-0"]
[WhiteElo "2385"]
[BlackElo "2438"]
[PlyCount "87"]
[EventDate "1999.??.??"]

1. d4 Nf6 2. c4 g6 3. Nc3 Bg7 4. e4 d6 5. Be2 O-O 6. Nf3 e5 7. dxe5 dxe5 8.
Qxd8 Rxd8 9. Bg5 Rf8 10. O-O c6 11. Rad1 h6 12. Bh4 Re8 13. Rd6 Be6 14. Rfd1
Bf8 15. Bxf6 Bxd6 16. Rxd6 Nd7 17. Bxe5 Nxe5 18. Nxe5 Kf8 19. Bg4 Ke7 20. c5
Rad8 21. Bxe6 Rxd6 22. Bxf7 Rd2 23. Bxe8 Kxe8 24. Nc4 Rc2 25. g4 b5 26. cxb6
axb6 27. a4 b5 28. axb5 cxb5 29. Nxb5 Rc1+ 30. Kg2 Kf7 31. Nbd6+ Ke6 32. h4 Rc2
33. g5 hxg5 34. hxg5 Rc1 35. b3 Rb1 36. Nb7 Kf7 37. Ne5+ Ke6 38. Nxg6 Kf7 39.
Ne5+ Kg7 40. Nc5 Rb2 41. Kg3 Rb1 42. f3 Rg1+ 43. Kf4 Rb1 44. Kf5 {
herbas64 resigns} 1-0

[Event "ICS rated blitz match"]
[Site "204.178.125.65"]
[Date "1999.11.27"]
[Round "?"]
[White "kabayo"]
[Black "Hossa"]
[Result "0-1"]
[WhiteElo "2086"]
[BlackElo "2417"]
[Annotator "Hiarcs 7.32 (11s)"]
[PlyCount "76"]
[EventDate "1999.??.??"]

1. e3 1... c5 {Opening = 3.... Nc6 4.---} 2. f4 d5 3. Nf3 Nc6 4. Be2 (4. d4 Nf6
(4... Bg4 5. c3 e6 6. Be2 Bxf3 7. Bxf3 f5 8. O-O Nf6 9. Nd2 Be7 10. Bh5+ g6 11.
Be2 O-O 12. g4 Ne4 13. Nxe4 fxe4 14. g5 cxd4 15. cxd4 Bd6 16. Bg4 Qd7 17. Qa4
a6 18. Bd2 b5 19. Qb3 {Goltzsch,W-Aring,G/OLO-A 1994/GER 08/1-0 (48)}) 5. c3 e6
6. Bd3 Be7 7. O-O a6 8. Ne5 c4 9. Bc2 Bd7 10. Nd2 b5 11. e4 Qb6 12. Nxc6 Bxc6
13. e5 Nd7 14. Kh1 g6 15. Nf3 O-O-O 16. b4 a5 17. a4 axb4 18. axb5 18... Bxb5 {
Hristodoulou,G-Georgiev,K/Katerini op 1992/EXP 32/1/2-1/2 (32)}) 4... Nf6 $146
(4... Bf5 5. O-O e6 6. b3 Nf6 7. Bb2 Be7 8. c4 d4 9. exd4 cxd4 10. Qe1 d3 11.
Bd1 Nb4 12. Na3 Bc5+ 13. Kh1 O-O 14. Nh4 g6 15. Nxf5 exf5 16. Qe5 Be7 17. Re1
Re8 18. Bf3 Nc6 19. Bxc6 bxc6 20. Re3 Ng4 21. Qg7# {
1-0 Szuveges,N-Mattei,G/WchJW-U14 Duisburg 1992/TD 92\06 (21)}) (4... g6 5. d4
Bg7 6. c3 cxd4 7. exd4 Nh6 8. O-O O-O 9. Ne5 Nf5 10. Qe1 e6 11. g4 Nd6 12. Be3
Qb6 13. Qc1 f6 14. Nxc6 Qxc6 15. Nd2 Bd7 16. Rf2 e5 17. Qf1 Rae8 18. Rc1 exf4
19. Bxf4 {Weritz,J-Straub,P/Dortmund op-A 1993/TD 93\06/0-1 (36)}) 5. O-O Bg4
6. h3 Bf5 7. d3 {Verwehrt dem Gegner e4} 7... e6 8. Nc3 Bg6 9. Nh4 Nh5 10. Nxg6
10... hxg6 {Deckt h5} 11. Qe1 Nb4 12. Bd1 Be7 13. a3 Bh4 14. Qd2 Nc6 15. Bf3
$17 (15. Bxh5 Rxh5 16. b3 16... Bf6 $15) 15... Ng3 16. Rd1 Qf6 17. b4 {
Weiss erlangt Initiative} 17... cxb4 18. axb4 18... Nxb4 $14 (18... g5 $5 19.
b5 19... Ne7 $15) 19. Ba3 Nc6 20. Nb5 20... O-O-O $16 (20... Kd7 $5 $14 {
muss geprueft werden}) 21. Rdb1 21... e5 $18 (21... b6 $5 $16 $142) 22. Qc3 Kb8
23. Bc5 23... a6 $4 {damit ist die Partie vorbei} (23... a5 $142 24. Rxa5 24...
exf4 $18) 24. Rxa6 $3 {ein feines Opfer} 24... bxa6 (24... Rd7 25. Rxc6 Qxc6
26. Qxe5+ Rc7 27. Nxc7 Bf6 28. Na6+ Ka8 29. Qxd5 Ne2+ 30. Kf2 Qxa6 31. Rxb7
Bh4+ 32. Kxe2 Qxd3+ 33. Qxd3 Rc8 34. Qa3#) 25. Nd6+ $1 {ein boeses Schach}
25... Ka8 26. Qa3 $18 (26. Qa1 Ne2+ 27. Kh2 Qxf4+ 28. exf4 Bg3+ 29. Kh1 Rxh3+
30. gxh3 a5 31. Qxa5+ Nxa5 32. Bxd5+ Nb7 33. Bxb7+ Kb8 34. Bf3+ Kc7 35. Rb7#)
26... Ne2+ 27. Bxe2 $18 (27. Kh2 27... Qxf4+ {
fuer Schwarz fuehrt kein Weg daran vorbei, das Material zurueckzugeben} 28.
exf4 Bg3+ 29. Kh1 Rxh3+ 30. gxh3 a5 31. Qxa5+ Nxa5 32. Bxd5+ Nb7 33. Bxb7+ Kb8
34. Bf3+ Kc7 35. Rb7#) 27... a5 28. Nb5 $4 $11 {vergibt den Vorteil} (28. Rb6
28... Rxd6 {Schwarz muss Material zurueckgeben} 29. Bxd6 Bf2+ 30. Kxf2 exf4 31.
Rxc6 fxe3+ 32. Kg1 Qf2+ 33. Kh2 Rxh3+ 34. Kxh3 Kb7 35. Rc7+ Ka6 36. Ra7+ Kxa7
37. Qxa5+ Kb7 38. Qb5+ Kc8 39. Qc6+ Kd8 40. Qc7+ Ke8 41. Qe7#) 28... Rd7 $14 (
28... Rc8 29. Bg4 $1 {danach kommt Weiss in Vorteil} 29... exf4 30. Bxc8 Rxc8
31. Nd6 $18) 29. Bf3 Rb8 30. c4 30... e4 $4 $18 {Schwarz engt den Gegner ein} (
30... Rdb7 $14 $142 {war noch moeglich}) 31. cxd5 {
Der Freibauer d5 fuehrt schnell zu Drohungen} 31... Rdb7 32. Bxe4 {
Es droht Matt} 32... Rxb5 33. Rxb5 (33. dxc6 {laesst dem Gegner kaum Chancen}
33... Rxb1+ 34. Kh2 Be1 35. c7+ R1b7 36. cxb8=Q+ Kxb8 37. Bd6+ 37... Rc7 $18)
33... Rxb5 34. dxc6 {Droht Matt} 34... Kb8 35. d4 Qe6 36. Bd6+ Kc8 37. Be5
37... Qb3 $4 {auch bessere Zuege haetten die Partie nicht gerettet.} (37... Be7
38. Qd3 38... Qb3 $18) 38. Qf8+ Bd8 (38... Bd8 39. c7 Qxe3+ 40. Kh2 Qxd4 41.
Bxd4 Kxc7 42. Qxf7+ Kd6 43. Bxg7 Be7 44. Qxg6+ Kd7 45. Qc6+ Kd8 46. Qxb5 a4 47.
Bc6 Bd6 48. Qa5+ Bc7 49. Bf6+ Kc8 50. Qa6+ Kb8 51. Qa8#) 0-1

[Event "ICS rated blitz match"]
[Site "204.178.125.65"]
[Date "1999.11.27"]
[Round "?"]
[White "Hossa"]
[Black "kabayo"]
[Result "1-0"]
[WhiteElo "2421"]
[BlackElo "2082"]
[Annotator "Hiarcs 7.32 (11s)"]
[PlyCount "39"]
[EventDate "1999.??.??"]

1. d4 1... Nf6 {Opening = 7.... dc4 8.Bc4} 2. c4 c6 3. Nc3 d5 4. Nf3 g6 5. Qb3
Bg7 6. Bf4 O-O 7. e3 dxc4 8. Bxc4 b5 (8... e6 9. O-O-O Qe7 10. Kb1 Nbd7 11.
Rdg1 b5 12. Bd3 a5 13. g4 b4 14. Na4 Bb7 15. h3 Rfc8 16. Rg3 Nd5 17. Ne5 Bxe5
18. Bxe5 f6 19. e4 fxe5 20. exd5 cxd5 21. dxe5 Nc5 22. Nxc5 Qxc5 23. Rf1 a4 24.
Qd1 a3 25. b3 Qd4 26. Qd2 Rc3 27. Rd1 Qxe5 28. f4 Qc7 29. Rf3 Rf8 30. f5 e5 31.
Rdf1 e4 32. Bxe4 dxe4 33. Rf4 Rd3 34. Qh2 34... Rfd8 {
0-1 Sossidi,T-Send,S/Lingen 1995 (34)}) 9. Bd3 $146 (9. Be2 Be6 10. Qc2 Nd5 (
10... Na6 11. O-O Nb4 12. Qd2 Nbd5 13. Bg3 Rc8 14. a4 a6 15. axb5 Nxc3 16. bxc3
cxb5 17. Rxa6 Ne4 18. Qb2 Nxc3 19. Bd3 Qd5 20. Ra3 Qc6 21. Ne5 Bxe5 22. Bxe5 f6
23. Bg3 Kg7 24. f3 Bd7 25. e4 {Eng,H-Jaeckle,M/RLN 1982/BIG 80/1-0 (50)}) 11.
Be5 f6 12. Bxb8 Rxb8 13. O-O Qb6 14. Ne4 Bf5 15. Nh4 Bxe4 16. Qxe4 f5 17. Qc2
e5 18. dxe5 Bxe5 19. Nf3 Bg7 20. Rac1 Rbc8 21. Rfd1 Rfe8 22. Qb3 a6 23. Nd4
23... Kh8 {Gezaljan,T-Katishonok,N/Leningrad 1990/EXP 18/1/2-1/2 (61)}) 9...
Be6 10. Qc2 {Weiss fuehrt die Partie kraftvoll zu Ende} 10... Nd5 $16 (10...
Na6 11. a3 $14) 11. Nxd5 11... cxd5 {
Die Oeffnung der c-Linie verschafft Weiss Drohungen} 12. O-O Qb6 13. Rac1 Na6 (
13... Nd7 14. Qc7 Qa6 15. Rc6 $16) 14. Qb3 14... b4 $18 (14... Bd7 15. Ne5 Bxe5
16. Bxe5 $16) 15. Qa4 Nb8 16. Bc7 Qb7 17. Ba5 17... b3 $4 {
ein Fehler, doch es war nicht viel zu retten} (17... Bd7 $142 18. Qxb4 Qxb4 19.
Bxb4 19... Nc6 $18) 18. Rc7 Bd7 (18... Qxc7 {hilft allerdings auch nicht} 19.
Bxc7 Rc8 20. Bxb8 Rcxb8 21. axb3 $18) 19. Qxd7 (19. Qa3 $5 {
damit wuerde Weiss es sich noch erleichtern} 19... Qxc7 20. Bxc7 Rc8 21. Bxb8
Rcxb8 22. Qxe7 22... Be6 $18) 19... Nxd7 20. Rxb7 (20. Rxb7 Nb8 21. Rxb3 $18)
1-0

[Event "ICS rated blitz match"]
[Site "204.178.125.65"]
[Date "1999.11.27"]
[Round "?"]
[White "Hossa"]
[Black "kabayo"]
[Result "1-0"]
[WhiteElo "2429"]
[BlackElo "2074"]
[PlyCount "63"]
[EventDate "1999.??.??"]

1. d4 Nf6 2. c4 c5 3. d5 e6 4. Nc3 exd5 5. cxd5 d6 6. g3 a6 7. Nf3 b5 8. a3 g6
9. Bg2 Bg7 10. O-O O-O 11. e4 Nbd7 12. Bg5 Re8 13. Re1 Qc7 14. Qd2 c4 15. Bh6
Bh8 16. Qg5 Rb8 17. Rac1 a5 18. Nd4 Ba6 19. Nc6 Rb7 20. f3 b4 21. axb4 axb4 22.
Na2 Nc5 23. Bf1 c3 24. bxc3 Bxf1 25. Rxf1 Nd3 26. cxb4 Nxc1 27. Rxc1 Qb6+ 28.
Kg2 Ra8 29. Nc3 Ra3 30. Kf1 Rb3 31. Ra1 Nd7 32. Ne7# {kabayo checkmated} 1-0

[Event "ICS rated blitz match"]
[Site "204.178.125.65"]
[Date "1999.11.27"]
[Round "?"]
[White "kabayo"]
[Black "Hossa"]
[Result "1-0"]
[WhiteElo "2070"]
[BlackElo "2433"]
[PlyCount "75"]
[EventDate "1999.??.??"]

1. e4 e6 2. f4 e5 3. Nf3 exf4 4. d4 Qe7 5. Nc3 g5 6. Bc4 d6 7. h4 gxh4 8. Bxf4
Bh6 9. Qd2 Bxf4 10. Qxf4 Be6 11. d5 Bd7 12. O-O-O h3 13. g4 Qf6 14. Qg3 h5 15.
g5 Qg7 16. e5 dxe5 17. Nxe5 Ne7 18. Ne4 Nf5 19. Qf4 Nd6 20. Nf6+ Kd8 21. Bd3
Kc8 22. c4 b5 23. c5 Nc4 24. Nexd7 Nxd7 25. Bf5 Kb8 26. Nxd7+ Kb7 27. c6+ Ka6
28. Nf6 Rad8 29. b3 Nb6 30. a4 Ka5 31. axb5 Qf8 32. Kb2 Nc4+ 33. Qxc4 Kb6 34.
Ra1 a5 35. Rxa5 Kxa5 36. Ra1+ Qa3+ 37. Rxa3+ Kb6 38. Ra6# {Hossa checkmated}
1-0

[Event "ICS rated blitz match"]
[Site "204.178.125.65"]
[Date "1999.11.27"]
[Round "?"]
[White "Hossa"]
[Black "kabayo"]
[Result "1-0"]
[WhiteElo "2405"]
[BlackElo "2098"]
[PlyCount "63"]
[EventDate "1999.??.??"]

1. e4 d6 2. d4 c6 3. Bd3 e5 4. dxe5 dxe5 5. Nf3 Nd7 6. O-O Ngf6 7. Be3 Be7 8.
Qd2 O-O 9. Na3 Re8 10. Qc3 Bf8 11. Nc4 Qe7 12. Rad1 h6 13. Rd2 Qe6 14. a4 b6
15. Rfd1 a5 16. Qb3 Nc5 17. Bxc5 Bxc5 18. Ncxe5 Qxb3 19. cxb3 Bg4 20. Nxg4 Nxg4
21. h3 Nf6 22. e5 Nd5 23. Bc4 Nf4 24. Rd7 Ne6 25. Bxe6 Rxe6 26. Rc7 Rf8 27.
Rdd7 Rg6 28. Ne1 Re6 29. Nd3 g5 30. Rb7 Kg7 31. g4 Kg6 32. Kg2 {kabayo resigns}
1-0